000 01263nam0a22002891 4500
001 v19\rc\1845577
005 20250619150626.0
035 _a(NLR Aleph) 004942156
090 _a5792713
_c5792713
100 _a20080221e19081908|||y0rusy50 ca
101 0 _arus
102 _aRU
105 _ay z |||||
200 1 _aШтурм Карса в 1877 году
_eПрочит. в братском зале на общ. собр. членов Рус. патриот. о-ва 5 нояб. 1908 г.
_fРус. патриот. о-во в Тифлисе славной Кавк. армии
210 _aТифлис
_cтип. Канцелярии наместника е. и. в. на Кавказе
_d[1908]
215 _a8 с.
300 _aВ конце текста: Старый Кавказец [псевд.]
309 _aБез тит. л. и обл.
311 _aПерепеч. из "Летописи". № 92
488 0 _12001#$aЛетопись$v№ 92
_tЛетопись
532 1 1 _aШтурм Карса в тысяча восемьсот семьдесят седьмом году
701 0 _aСтарый Кавказец
801 0 _aRU
_bNLR
_gpsbo
801 1 _aRU
_bProSoft-M
_2rusmarc
852 _aNLR
_j20.106.8.20
942 _cBOOK
980 _aNB